Alex's Artist to Song Quiz - Statistics

General Stats
  • This quiz has been taken 29 times
  • The average score is 12 of 30
Answer Stats
Hint Answer % Correct
Bohemian Rhapsody (1975) Queen
100%
Smoke on the Water (1973) Deep Purple
80%
Kiss from a Rose (1995) Seal
80%
In the Air Tonight (1981) Phil Collins
75%
Love Me Do (1964) The Beatles
75%
Fortunate Son (1969) Creedence Clearwater Revival
65%
Stacy's Mom (2003) Fountains of Wayne
65%
Straight Outta Compton (1988) N.W.A
65%
Gin and Juice (1994) Snoop Doggy Dogg
65%
Good Golly, Miss Molly (1958) Little Richard
55%
Holiday (2005) Green Day
50%
Mr. Blue Sky (1978) Electric Light Orchestra
45%
Rock Me Amadeus (1986) Falco
45%
Sandstorm (1999) Darude
40%
Virtual Insanity (1996) Jamiroquai
40%
You Make Me Feel Like Dancing (1976) Leo Sayer
35%
Pass The Dutchie (1982) Musical Youth
30%
Sex and Candy (1997) Marcy Playground
25%
Puttin' on the Ritz (1983) Taco
25%
Don't Turn Around (1986) Ace of Base
20%
Levels (2013) Avicii
20%
Cha Cha Slide (2000) DJ Casper
15%
Crazy He Calls Me (1949) Billie Holiday
10%
Jealous (I Ain't With It) (2014) Chromeo
10%
Traum (2014) Cro
10%
If I Didn't Care (1939) The Ink Spots
10%
Open Road (2004) Bryan Adams
5%
Feel Like I Do (2010) Drowning Pool
5%
When I Get You Alone (2002) Robin Thicke
5%
Shiver (2010) Shawn Desman
5%
No matching quizzes found
Score Distribution
Percent of People with Each Score
Percentile by Number Answered
Your Score History
You have not taken this quiz